000 00712nam 22002053 4500
001 199745
090 _a199745
100 _a20260107d u||y0pory50 ba
200 _aDa classe cooperativa à pedagogia institucional
_fAida Vasquez, Fernand Gury
_gtradução Francisco Paiva Boléo
210 _aLisboa
_cEstampa
_d1977-1978
215 _a3 v. (308, [3] ; 147, [4] ; 239, [4] p)
_cbrochado
_d19 cm
225 _aBiblioteca das ciências pedagógicas
606 _95170
_aCiências Sociais Educação
675 _a371
_vPT
_zpor
700 _915540
_aVasquez
_bAïda
701 _915542
_aOury
_bFernand
702 _95996
_aBoléo
_bFrancisco Paiva
_f1941-2008
801 _aPT
_bBMMN
_gRPC
830 _cAna
_fAna
990 _cLIVROS